[Event "Basel op 25th"]
[Site "Basel"]
[Date "2022.10.07"]
[Round "1"]
[White "Boillat, Maxime"]
[Black "Pancevski, Filip"]
[Result "0-1"]
[WhiteElo "1652"]
[BlackElo "2465"]
[PlyCount "46"]
[EventDate "2022.10.07"]
[EventType "swiss"]
[EventRounds "5"]
[EventCountry "SUI"]
[SourceTitle "CBM 210 Extra"]
[Source "ChessBase"]
[SourceDate "2022.11.30"]
[SourceVersion "1"]
[SourceVersionDate "2022.11.30"]
[SourceQuality "1"]

1. e4 d6 2. d4 Nf6 3. Nc3 e5 4. Nf3 Nbd7 5. Be2 a6 6. a4 b6 7. Bg5 Bb7 8. Nd5 Be7 9. Nxe7 Qxe7 10. dxe5 dxe5 11. Nd2 h6 12. Bxf6 Qxf6 13. b4 0-0 14. Bg4 Rfd8 15. Qe2 a5 16. Qc4 Qd6 17. Ra3 Qxb4 18. Qxb4 axb4 19. Rd3 Nc5 20. Rxd8+ Rxd8 21. f3 Bc6 22. a5 bxa5 23. Nc4 Ba4 0-1